000
00283pab a2200109 454500
008
180718b xxu||||| |||| 00| 0 eng d
100
_a
Jha, Gangadhar
245
_a
Property tax - will area detail system work
650
_a
Local Government
773
_a
Financial Express
909
_a
24136
999
_c
24136
_d
24136